=LDR 00000nam 2200000 4500 =001 INLIS000000000047424 =005 20200812013012 =035 ##$$a 0010-111500000000028 =008 200812################g##########0#ind## =082 ##$$a 2x8. 2 =100 ##$$a Alnimr, Abdul mun'im =245 1#$$a Syi'ah,Imam Mahdi dan duruz : $b Sejarah dan fakta /$c Abdul mun'im al-nimr; Penerjemah, Ali mustafa ya'qub =250 ##$$a Cet. 1 =260 ##$$a Jakarta :$b Qisthi Press,$c 2003 =300 ##$$a 373 Hlm ; $c 14, 5 x 23 cm. =850 ##$$a NBPNMAT =084 ##$$a 2x8. 2 ALN s =650 #4$$a Sejarah islam =990 ##$$a 10311878